|
|
|
|
| LEADER |
00000nam a2200000 a 4500 |
| 001 |
vtls010029826 |
| 003 |
SK-MaSNL |
| 005 |
20260426012127.0 |
| 008 |
180814s1976 xo g c 000 0dslo |
| 020 |
|
|
|q (brož.)
|
| 040 |
|
|
|a SNK
|b slo
|c SNK
|e AACR2
|
| 041 |
0 |
|
|a slo
|
| 043 |
|
|
|a e-xo---
|
| 044 |
|
|
|a xo
|c SK
|
| 072 |
|
7 |
|a 72/76
|x Výtvarné umenie
|2 konspekt
|
| 080 |
|
|
|a 72/76(437.6)
|2 2001
|
| 080 |
|
|
|a 7.036/.038
|2 2001
|
| 080 |
|
|
|a (437.6)
|2 2001
|
| 080 |
|
|
|a (083.824)
|2 2001
|
| 245 |
0 |
0 |
|a Za pokrok a mier
|b výstava mladých (z Bratislavy mesta a Západoslovenského kraja) : 12.11.-5.12.1976
|
| 250 |
|
|
|a [1. vyd.]
|
| 260 |
|
|
|a [Bratislava]
|b [Zväz slovenských výtvarných umelcov]
|c [1976]
|
| 300 |
|
|
|a [28] s., [4] voľ. s. príl.
|c 20 cm
|e 2 voľ. listy
|
| 650 |
0 |
7 |
|a slovenské výtvarné umenie
|2 SNKPH
|9 68597
|
| 650 |
0 |
7 |
|a moderné umenie
|2 SNKPH
|9 68456
|
| 651 |
|
7 |
|a Bratislava (Slovensko)
|2 SNKPH
|9 14568
|
| 651 |
|
7 |
|a Západoslovenský kraj (Slovensko)
|2 SNKPH
|9 161528
|
| 655 |
|
7 |
|a katalógy výstav
|2 SNKPH
|9 70445
|
| 958 |
|
|
|a OND
|
| 999 |
|
|
|c 1089721
|d 1091651
|
| 952 |
|
|
|a SNK
|b SNK
|y PREZ
|7 0
|p 17A0631165
|o snkOSD 9309/príl.
|i snk2009/22010
|8 1
|3 Príloha: 2 voľ. listy
|z Príloha
|0 0
|1 0
|4 0
|d 2009-12-21
|l 0
|r 2026-02-24 16:53:44
|w 2026-02-24
|
| 952 |
|
|
|a SNK
|b SNK
|y PREZ
|7 0
|p 17A0631164
|o snkOSD 9309
|i snk2009/22010
|8 1
|3 Príloha: 2 voľ. listy
|0 0
|1 0
|4 0
|d 2009-12-09
|l 0
|r 2026-02-24 16:53:44
|w 2026-02-24
|